[Event "CAT-chT Honor Division 2019"]
[Site "Catalonia"]
[Date "2019.01.19"]
[Round "1"]
[White "Fernandez Madrid, Carlos"]
[Black "Vehi Bach, Victor Manuel"]
[Result "0-1"]
[WhiteElo "2042"]
[BlackElo "2306"]
[Annotator "TA"]
[PlyCount "62"]
[EventDate "2019.01.16"]
[EventType "team-tourn"]
[EventCountry "ESP"]
[SourceTitle "playchess.com"]
[Source "ChessBase"]
[SourceQuality "1"]

{[%evp 11,62,28,20,8,12,18,21,18,26,31,54,43,42,25,40,8,43,26,49,38,36,38,27,28,18,17,17,16,16,16,22,16,16,16,21,22,67,75,74,66,66,66,65,65,64,68,231,240,228,-29995,-29996,-29996,-29997]} 1. d4 Nf6 2. c4 e6 3. Nf3 d5 4. g3 a6 5. Nbd2 c5 6. Bg2 {E01: Catalan: Early deviations} Nc6 {LiveBook: 7 Games} 7. cxd5 (7. O-O cxd4 8. cxd5 Qxd5 9. Nb3 d3 10. e4 Qb5 11. Nbd4 Nxd4 12. Nxd4 {½-½ (30) So,W (2786)-Izoria,Z (2599) Saint Louis 2018}) 7... exd5 8. O-O {The position is equal.} cxd4 9. Nb3 Bd6 10. Nfxd4 $146 ({Predecessor:} 10. Bg5 O-O 11. Nfxd4 h6 12. Bxf6 Qxf6 {½-½ (53) Mirkowski,P (2315)-Sodomski,A (2258) ICCF email 2015}) 10... h6 11. Be3 Ne5 12. Nf3 O-O 13. Bd4 Re8 14. Rc1 Bg4 15. Nxe5 Bxe5 16. Re1 Bxd4 17. Nxd4 Qb6 18. Nb3 Rac8 19. Rxc8 Rxc8 20. Qd4 Qb5 21. e3 Rc4 22. Qd2 Ne4 23. Qa5 Nf6 24. Qd8+ Kh7 {[#]} 25. Bf1 $1 Qb4 26. Bd3+ g6 $1 27. Rb1 Rc6 28. Nd4 Qd2 $2 {[#]} ({Black should play} 28... Rb6 $14) 29. Nxc6 $18 Qxd3 30. Rf1 $4 {[%mdl 8192]} (30. Ra1 $18 Kg7 31. Nd4) 30... Bh3 {[%csl Gh3][%cal Rd3f1]} 31. Re1 Qe4 {Precision: White = 63%, Black = 55%.} 0-1

[Event "CAT-chT Honor Division 2019"]
[Site "Catalonia"]
[Date "2019.01.19"]
[Round "1"]
[White "Fernandez Lozano, Francesc"]
[Black "Barberans Sola, Sebastia"]
[Result "1-0"]
[WhiteElo "1972"]
[BlackElo "1930"]
[Annotator "NA RC"]
[PlyCount "104"]
[EventDate "2019.01.16"]
[EventType "team-tourn"]
[EventCountry "ESP"]
[SourceTitle "playchess.com"]
[Source "ChessBase"]
[SourceQuality "1"]
[TimeControl "5400+30"]

1. d4 Nf6 2. Bg5 Ne4 3. Bf4 d6 4. Nd2 Bf5 5. Nxe4 Bxe4 6. f3 Bg6 7. e4 e6 8. Qd2 d5 9. Bd3 c6 10. Ne2 Be7 11. Be3 Nd7 12. c3 Nf6 13. e5 Nd7 14. O-O Bxd3 15. Qxd3 O-O 16. Rae1 c5 17. f4 f6 18. Qb1 c4 19. f5 Qb6 20. fxe6 Nxe5 21. Nf4 Nd3 22. Nxd3 cxd3 23. Bc1 Qa6 24. Rf3 Rae8 25. a3 Bd8 26. Qxd3 Rxe6 27. Rxe6 Qxe6 28. Re3 Qg4 29. Re1 Bc7 30. Bd2 Qh5 31. g3 Re8 32. Rxe8+ Qxe8 33. Qf5 Qd8 34. Qe6+ Kf8 35. c4 a5 36. cxd5 Qe8 37. Bf4 Qxe6 38. dxe6 Bb6 39. Be3 Ke7 40. Kf2 Bc7 41. d5 b5 42. Bc5+ Bd6 43. Bb6 a4 44. Ke3 f5 45. Bd4 g5 46. Kf3 h5 47. Bc3 Bb8 48. Bb4+ Bd6 49. Bxd6+ Kxd6 50. h4 g4+ 51. Kf4 Ke7 52. Kxf5 Kd6 1-0

[Event "CAT-chT Honor Division 2019"]
[Site "Catalonia"]
[Date "2019.01.26"]
[Round "2"]
[White "Guerra Mendez, Jose Angel"]
[Black "Cuartas, Jaime Alexander"]
[Result "0-1"]
[WhiteElo "2531"]
[BlackElo "2516"]
[Annotator "ChessBase"]
[PlyCount "88"]
[EventDate "2019.01.16"]
[EventType "team-tourn"]
[EventCountry "ESP"]
[SourceTitle "playchess.com"]
[Source "ChessBase"]
[SourceQuality "1"]
[WhiteTeam "Cerdanyola Valles"]
[BlackTeam "Barbera"]
[TimeControl "5400+30"]

1. e4 e5 2. Nf3 Nc6 3. Bc4 Nf6 4. Ng5 d5 5. exd5 Nd4 6. c3 Nf5 7. O-O Bd6 8. d4 exd4 9. Re1+ Kf8 10. cxd4 a6 11. Nc3 h6 12. Nge4 b5 13. Bb3 Nxe4 14. Nxe4 Bb7 15. Nxd6 cxd6 16. a4 g6 17. Re4 Kg7 18. Rf4 Re8 19. Bd2 Ne7 20. Qf3 f5 21. Qg3 Qd7 22. Rh4 Ng8 23. Bd1 Bxd5 24. Qh3 g5 25. Qg3 Kf8 26. Rh5 f4 27. Qh3 Qxh3 28. Rxh3 bxa4 29. Bxa4 Re2 30. Bc3 Rb8 31. Bd1 Re7 32. Ba4 Kg7 33. Rd3 Nf6 34. Rdd1 Kf7 35. Bc2 Bc4 36. Bd3 Bxd3 37. Rxd3 Nd5 38. h4 g4 39. g3 f3 40. Kf1 Re2 41. Be1 Rbxb2 42. Rda3 Nb4 43. Kg1 Nc2 44. Bc3 Rb5 0-1

[Event "CAT-chT Honor Division 2019"]
[Site "Catalonia"]
[Date "2019.01.26"]
[Round "2"]
[White "Vila Gazquez, Xavier"]
[Black "Gual Pascual, Antonio"]
[Result "0-1"]
[WhiteElo "2475"]
[BlackElo "2362"]
[Annotator "RC"]
[PlyCount "130"]
[EventDate "2019.01.16"]
[EventType "team-tourn"]
[EventCountry "ESP"]
[SourceTitle "playchess.com"]
[Source "ChessBase"]
[SourceQuality "1"]
[WhiteTeam "Barbera"]
[BlackTeam "Cerdanyola Valles"]
[TimeControl "5400+30"]

1. e4 d6 2. d4 Nf6 3. Nc3 g6 4. Bg5 c6 5. Qd2 Nbd7 6. f4 d5 7. e5 Ne4 8. Nxe4 dxe4 9. e6 fxe6 10. Ne2 Bg7 11. Nc3 Qa5 12. Bc4 Nb6 13. Bb3 Nd5 14. O-O-O h6 15. Bh4 e3 16. Qe1 Nxf4 17. Bg3 e2 18. Rd2 O-O 19. Nxe2 Nd5 20. c4 Nb4 21. a3 Na6 22. Nf4 Qb6 23. Qe3 c5 24. d5 e5 25. Ne2 Bf5 26. Ba2 Qf6 27. Nc3 Nb8 28. Ne4 Qb6 29. Nxc5 Nd7 30. Bf2 Nxc5 31. Qxc5 Qf6 32. Re1 h5 33. Qe3 Kh7 34. Qg3 Rac8 35. Be3 Qa6 36. Bg5 Rxc4+ 37. Bxc4 Qxc4+ 38. Qc3 Qa2 39. Rc2 Rc8 40. Qxc8 Bxc8 41. Rxc8 Qa1+ 42. Kd2 Qxb2+ 43. Rc2 Qxa3 44. Ke2 Qa4 45. Kd2 Qa5+ 46. Ke2 Qxd5 47. h4 Qxg2+ 48. Kd1 Qd5+ 49. Kc1 Bf6 50. Rd1 Bxg5+ 51. hxg5 Qf3 52. Re1 Qf4+ 53. Kd1 Qxg5 54. Rce2 Qg4 55. Kd2 Qd4+ 56. Kc2 b5 57. Rxe5 Qc4+ 58. Kb2 b4 59. Rxe7+ Kh6 60. R1e3 Qd4+ 61. Kb3 a5 62. R7e4 Qa1 63. Re6 Qb1+ 64. Kc4 Qc2+ 65. Kd4 a4 0-1

[Event "CAT-chT Honor Division 2019"]
[Site "Catalonia"]
[Date "2019.01.26"]
[Round "2"]
[White "Prie, Eric"]
[Black "Granados Gomez, Manuel"]
[Result "1-0"]
[WhiteElo "2459"]
[BlackElo "2372"]
[Annotator "ChessBase"]
[PlyCount "87"]
[EventDate "2019.01.16"]
[EventType "team-tourn"]
[EventCountry "ESP"]
[SourceTitle "playchess.com"]
[Source "ChessBase"]
[SourceQuality "1"]
[WhiteTeam "Gerunda"]
[BlackTeam "Foment"]
[TimeControl "5400+30"]

1. d4 {[%emt 0:00:00]} d5 {[%emt 0:00:00]} 2. Bf4 {[%emt 0:00:00]} c5 {[%emt 0:00:12]} 3. Nc3 {[%emt 0:00:00]} Nc6 {[%emt 0:00:33]} 4. e4 {[%emt 0:00:00]} cxd4 {[%emt 0:01:31]} 5. exd5 {[%emt 0:00:12]} dxc3 {[%emt 0:08:22]} 6. dxc6 {[%emt 0:00:30]} Qxd1+ {[%emt 0:01:24]} 7. Rxd1 {[%emt 0:00:15]} bxc6 {[%emt 0:00:08]} 8. Bc7 {[%emt 0:00:10]} Bb7 {[%emt 0:01:25]} 9. bxc3 {[%emt 0:15:40]} Nf6 {[%emt 0:01:56]} 10. Rb1 {[%emt 0:05:24]} Bc8 {[%emt 0:00:27]} 11. c4 {[%emt 0:01:17]} Bf5 {[%emt 0:12:15]} 12. Bd3 {[%emt 0:01:49]} Bxd3 {[%emt 0:08:20]} 13. cxd3 {[%emt 0:00:22]} Nd7 {[%emt 0:00:16]} 14. Nf3 {[%emt 0:00:43]} e6 {[%emt 0:01:17]} 15. Ke2 {[%emt 0:04:08]} Bc5 {[%emt 0:00:37]} 16. Rb7 {[%emt 0:15:16]} Bb6 {[%emt 0:04:50]} 17. d4 {[%emt 0:00:36]} c5 {[%emt 0:01:48]} 18. Ne5 {[%emt 0:01:52]} cxd4 {[%emt 0:19:49]} 19. Bxb6 {[%emt 0:18:20]} Nxb6 {[%emt 0:05:22]} 20. c5 {[%emt 0:00:50]} f6 {[%emt 0:06:43]} 21. cxb6 {[%emt 0:07:20]} axb6 {[%emt 0:00:24]} 22. Nd7 {[%emt 0:08:52]} Rxa2+ {[%emt 0:01:01]} 23. Kd3 {[%emt 0:02:29]} Ke7 {[%emt 0:00:58]} 24. Nxb6+ {[%emt 0:02:32]} Kd6 {[%emt 0:00:37]} 25. Nc4+ {[%emt 0:00:19]} Kc6 {[%emt 0:05:08]} 26. Rhb1 {[%emt 0:00:17]} Rd8 {[%emt 0:04:36]} 27. Rxg7 {[%emt 0:05:18]} e5 {[%emt 0:02:24]} 28. f3 {[%emt 0:00:24]} Ra6 {[%emt 0:07:57]} 29. Rbb7 {[%emt 0:02:12]} Kd5 {[%emt 0:00:30]} 30. Nb6+ {[%emt 0:03:57]} Ke6 {[%emt 0:00:21]} 31. Rbe7+ {[%emt 0:02:02]} Kf5 {[%emt 0:00:14]} 32. Nc4 {[%emt 0:00:27]} Rb8 {[%emt 0:00:50]} 33. Rb7 {[%emt 0:00:22]} Rxb7 {[%emt 0:02:09]} 34. Rxb7 {[%emt 0:00:08]} Kg6 {[%emt 0:00:51]} 35. Rb6 {[%emt 0:00:19]} Rxb6 {[%emt 0:00:33]} 36. Nxb6 {[%emt 0:00:08]} Kf5 {[%emt 0:00:10]} 37. g3 {[%emt 0:01:21]} h5 38. h4 Ke6 {[%emt 0:00:23]} 39. Ke4 {[%emt 0:01:44]} f5+ {[%emt 0:00:18]} 40. Kd3 {[%emt 0:00:05]} Kd6 {[%emt 0:00:25]} 41. Kc4 {[%emt 0:00:13]} Ke6 {[%emt 0:00:28]} 42. Na4 {[%emt 0:00:19]} e4 {[%emt 0:02:44]} 43. Nc5+ {[%emt 0:00:39]} Ke5 {[%emt 0:00:11]} 44. f4+ 1-0

[Event "CAT-chT Honor Division 2019"]
[Site "Catalonia"]
[Date "2019.01.26"]
[Round "2"]
[White "Jerez Perez, Alfonso"]
[Black "Alonso Rosell, Alvar"]
[Result "0-1"]
[WhiteElo "2418"]
[BlackElo "2559"]
[Annotator "TA"]
[PlyCount "94"]
[EventDate "2019.01.16"]
[EventType "team-tourn"]
[EventCountry "ESP"]
[SourceTitle "playchess.com"]
[Source "ChessBase"]
[SourceQuality "1"]
[WhiteTeam "Foment"]
[BlackTeam "Gerunda"]

{[%evp 22,94,14,0,0,0,0,0,0,0,-1,-2,0,0,0,0,0,0,0,0,0,0,0,-19,-20,-17,0,-7,0,0,0,-44,-34,-47,-41,-37,0,0,0,0,0,-9,-8,-29,-26,-63,-56,-58,-37,-38,-40,-38,-37,-40,8,-50,-45,-45,-52,-49,-40,-39,-24,-98,-97,-157,-161,-254,-204,-462,-427,-618,-606,-5465,-5414]} 1. e4 c6 2. c4 d5 3. exd5 cxd5 4. cxd5 Nf6 5. Nc3 Nxd5 6. d4 e6 7. Nf3 Bb4 8. Qc2 Nc6 9. Bd3 Ba5 10. a3 {B14: Caro-Kann: Panov-Botvinnik Attack with 5...e6 and 5...g6} h6 11. O-O O-O 12. Rd1 {LiveBook: 24 Games. The position is equal.} Bd7 13. Nxd5 $146 ({Predecessor:} 13. Ne4 Bb6 14. Be3 Qe7 15. Nc3 Rac8 16. Qe2 Na5 17. Bd2 Bc6 18. Nxd5 Bxd5 {½-½ (55) Grischuk,A (2733)-Fridman,D (2665) Villarrobledo 2009}) 13... exd5 14. Ne5 Bb6 15. Nxc6 Bxc6 16. Be3 Rc8 17. Rac1 Qf6 18. Qd2 Bd7 {[%cal Bc6d7,Bd7f5,Bf5e4][%mdl 32]} 19. Bb1 {[%cal Bd3b1,Bb1a2,Ba2b3][%mdl 32]} Bf5 20. Ba2 Qd6 21. Bf4 Qd7 22. Qb4 Be4 23. f3 Bf5 24. Bb3 Qe6 25. Qd2 Rfe8 26. Kf2 Rxc1 27. Rxc1 Qf6 28. Rd1 $1 Bd3 29. Qxd3 {aiming for g3.} Qxf4 30. g3 $1 {[%cal Rg3f4]} Qe5 31. Kf1 Qe6 32. Kg1 h5 33. f4 {[#]} h4 $1 {[%mdl 512]} 34. Qf3 (34. gxh4 Qd7) 34... hxg3 35. hxg3 Qh3 {( -> ...Bxd4+!)} 36. Qf2 $1 (36. Bxd5 {gets mated.} Bxd4+ $1 {[%mdl 512]} 37. Qf2 Qxg3+ 38. Kh1 Bxf2 39. Bxf7+ Kxf7 40. Rd7+ Re7 41. Rxe7+ Kxe7 42. f5 Qh3#) 36... Qg4 37. Rd2 Rc8 38. Rd1 (38. Kg2 $11) 38... Rc6 $15 39. Kg2 Rh6 $36 {[%mdl 2048] Black has good play.} 40. Re1 g6 41. Qe3 {White wants to play Qe8+.} Rh5 42. Qe8+ (42. Bd1 $11 {remains equal.} Qh3+ 43. Kf3) 42... Kg7 $17 43. Qe3 (43. Qe2 $142 Qh3+ 44. Kf3) 43... Qh3+ 44. Kf3 {[#]} (44. Kf2 $142) 44... Bc7 $1 $19 {Strongly threatening ...Bxf4!} 45. Qg1 $2 {[#]} (45. Kf2 {keeps fighting.}) 45... Rf5 $1 {Black is clearly winning.} 46. Ke2 {[#]} (46. Bc2 $142 Rxf4+ 47. Ke2) 46... Bxf4 $1 {[%mdl 512]} 47. Bc2 (47. gxf4 Qxb3) 47... Qg4+ {Precision: White = 51%, Black = 80%.} 0-1

[Event "CAT-chT Honor Division 2019"]
[Site "Catalonia"]
[Date "2019.01.26"]
[Round "2"]
[White "Alonso Bouza, Julio Javier"]
[Black "Rizouk, Aimen"]
[Result "1-0"]
[WhiteElo "2398"]
[BlackElo "2441"]
[Annotator "TA"]
[PlyCount "78"]
[EventDate "2019.01.16"]
[EventType "team-tourn"]
[EventCountry "ESP"]
[SourceTitle "playchess.com"]
[Source "ChessBase"]
[SourceQuality "1"]
[WhiteTeam "Cerdanyola Valles"]
[BlackTeam "Barbera"]

{[%evp 16,78,39,42,83,79,72,80,85,66,66,66,83,79,94,97,106,113,208,212,222,225,321,243,251,259,248,248,254,216,244,229,243,240,229,149,149,108,115,70,68,68,69,69,61,53,101,90,106,65,279,252,307,320,312,262,402,370,734,474,517,466,870,416,808]} 1. e4 e5 2. Nf3 Nf6 3. d4 Nxe4 4. Bd3 d5 5. Nxe5 Nd7 6. Nxf7 Qe7 7. Qe2 {C43: Petroff Defence: 3 d4} Qxf7 8. f3 Ndf6 9. Nd2 {LiveBook: 6 Games. White is slightly better.} Be6 $146 ({Predecessor:} 9... Qh5 10. fxe4 Bg4 11. Qe3 dxe4 12. Nxe4 O-O-O 13. O-O Nxe4 14. Bxe4 Bd6 {½-½ (68) Roberson,P (2420)-Hawkins,J (2569) Daventry 2019}) 10. fxe4 dxe4 11. Nxe4 Nxe4 12. Bxe4 {aiming for d5.} O-O-O $1 13. Be3 Kb8 {[#]} 14. Qf3 $1 Qd7 {Hoping for ...Bg4.} 15. O-O $36 {[%mdl 2048] Black is under strong pressure.} Re8 {Threatens to win with ...Bg4.} 16. Bf2 (16. Bxb7 Bg4 $17) 16... Bc4 (16... c6 $16) 17. Bxb7 $18 {And now Bc6 would win.} Re6 18. Rfe1 Rb6 (18... Rf6 $142) 19. Be4 Bb4 20. c3 Rf8 21. Qe3 (21. cxb4 Rxf3 22. Bxf3 Bd5 $11) 21... Bd6 22. Bg3 ({Stronger than} 22. Bxh7 g6 $17) 22... Bxg3 23. Qxg3 Rxb2 24. Rab1 Rb6 25. a3 ({Don't take} 25. Bxh7 Bxa2 26. Ra1 Bd5) 25... g6 26. Bf3 Bd5 27. Rxb6+ axb6 28. Bxd5 Qxd5 $16 {[%mdl 4096] Endgame KQR-KQR} 29. Re7 Qc4 {[%csl Gc4][%cal Rf8f1]} 30. h3 h6 31. Kh2 g5 32. Qe3 Qc6 $2 (32... Rf6 $14) 33. Re6 $18 Qa4 34. Rxh6 Qxa3 35. d5 Rd8 (35... Qc5 {might work better.} 36. Qxc5 (36. Qxg5 Rf1 $16) 36... bxc5) 36. Qxg5 Kc8 $2 (36... Qf8 37. Rf6 Qh8) 37. Qe5 Rd7 38. Rc6 Qf8 {[#]} (38... Qe7 $142 39. Qxe7 Rxe7) 39. c4 (39. d6 $142 $1) 39... Rh7 {Precision: White = 76%, Black = 25%.} (39... Kb7 $142 40. Re6 Qa3) 1-0

[Event "CAT-chT Honor Division 2019"]
[Site "Catalonia"]
[Date "2019.01.26"]
[Round "2"]
[White "Alonso Moyano, Jonathan"]
[Black "Alonso Garcia, Rene Marcial"]
[Result "1-0"]
[WhiteElo "2374"]
[BlackElo "2348"]
[Annotator "NA"]
[PlyCount "107"]
[EventDate "2019.01.16"]
[EventType "team-tourn"]
[EventCountry "ESP"]
[SourceTitle "playchess.com"]
[Source "ChessBase"]
[SourceQuality "1"]
[WhiteTeam "Barbera"]
[BlackTeam "Cerdanyola Valles"]
[TimeControl "5400+30"]

1. e4 e6 2. d4 d5 3. Nd2 c5 4. exd5 Qxd5 5. Ngf3 cxd4 6. Bc4 Qd7 7. Nb3 Bb4+ 8. Bd2 Bxd2+ 9. Qxd2 Nf6 10. Nbxd4 O-O 11. O-O-O Qc7 12. Bb3 Na6 13. Rhe1 Nc5 14. Kb1 Bd7 15. Qe2 a5 16. a3 Bc6 17. Ba2 Qb6 18. Ka1 Na4 19. c3 Bd5 20. Bxd5 Nxd5 21. Qb5 Nc5 22. Qxb6 Nxb6 23. b3 Rfd8 24. a4 f6 25. Rb1 e5 26. Nb5 Rd7 27. Ka2 Nd3 28. Rf1 Rad8 29. Rbd1 Nb4+ 30. cxb4 Rxd1 31. Rxd1 Rxd1 32. bxa5 Nd5 33. Kb2 Rf1 34. Nd6 Rxf2+ 35. Ka3 Rxg2 36. Nxb7 Nc7 37. Nd6 Rf2 38. Ng1 f5 39. b4 e4 40. b5 e3 41. a6 e2 42. Nxe2 Rxe2 43. a7 Na8 44. a5 Re7 45. b6 f4 46. Nf5 Rd7 47. Kb4 g6 48. Nh6+ Kf8 49. Kb5 Ke7 50. Kc6 Kd8 51. a6 f3 52. b7 f2 53. b8=Q+ Ke7 54. Qe5+ {Ke8} 1-0

[Event "CAT-chT Honor Division 2019"]
[Site "Catalonia"]
[Date "2019.01.26"]
[Round "2"]
[White "Ortega Serra, Marc"]
[Black "Hernandez, Cristian Andres"]
[Result "1/2-1/2"]
[WhiteElo "2352"]
[BlackElo "2320"]
[Annotator "NA"]
[PlyCount "93"]
[EventDate "2019.01.16"]
[EventType "team-tourn"]
[EventCountry "ESP"]
[SourceTitle "playchess.com"]
[Source "ChessBase"]
[SourceQuality "1"]
[WhiteTeam "Cerdanyola Valles"]
[BlackTeam "Barbera"]
[TimeControl "5400+30"]

1. d4 d5 2. Nf3 c6 3. e3 Nf6 4. Bd3 Bg4 5. c4 Nbd7 6. Nc3 e6 7. O-O Bd6 8. e4 dxe4 9. Nxe4 Nxe4 10. Bxe4 O-O 11. h3 Bh5 12. Qb3 Rb8 13. c5 Nf6 14. cxd6 Nxe4 15. Bf4 Bxf3 16. Qxf3 Nxd6 17. Rfd1 Rc8 18. Qa3 Nb5 19. Qg3 f6 20. Qb3 Qd5 21. Qb4 b6 22. a4 a5 23. Qd2 Nd6 24. Bxd6 Qxd6 25. Qe2 Rcd8 26. Rac1 Rf7 27. Qc4 Rc7 28. Re1 Kf7 29. Qb3 Rb8 30. Qd3 Kg8 31. Qc4 Kf7 32. Qd3 g6 33. Qe3 Rd7 34. Qf3 Rc8 35. Qb3 Rb7 36. Qe3 Re7 37. Qb3 Qb4 38. Qe3 Qd6 39. Qb3 Qb4 40. Qe3 Rcc7 41. Qh6 Kg8 42. Qf4 Kf7 43. Qh6 Kg8 44. Qf4 Kf7 45. Qh6 Kg8 46. Qf4 Kf7 47. Qh6 1/2-1/2

[Event "CAT-chT Honor Division 2019"]
[Site "Catalonia"]
[Date "2019.01.26"]
[Round "2"]
[White "Perez Manas, Benjamin"]
[Black "Bru Rullo, Llatzer"]
[Result "0-1"]
[WhiteElo "2303"]
[BlackElo "2298"]
[Annotator "NA"]
[PlyCount "62"]
[EventDate "2019.01.16"]
[EventType "team-tourn"]
[EventCountry "ESP"]
[SourceTitle "playchess.com"]
[Source "ChessBase"]
[SourceQuality "1"]
[WhiteTeam "Barbera"]
[BlackTeam "Cerdanyola Valles"]
[TimeControl "5400+30"]

1. e4 c5 2. Nf3 e6 3. d4 cxd4 4. Nxd4 Nc6 5. Nxc6 bxc6 6. Bd3 Nf6 7. O-O d5 8. Nc3 Be7 9. Qe2 O-O 10. f4 Qc7 11. Kh1 Bb7 12. Bd2 c5 13. exd5 exd5 14. Rae1 Rfe8 15. Bb5 Bc6 16. Bxc6 Qxc6 17. Qb5 Qc8 18. Qd3 c4 19. Qd4 Qf5 20. Re5 Qxc2 21. Bc1 Bd6 22. Rxe8+ Rxe8 23. Nxd5 Nxd5 24. Qxd5 Bb4 25. Qd1 Qd3 26. b3 Qxd1 27. Rxd1 c3 28. g3 c2 29. Rf1 Rd8 30. Kg2 Rd1 31. Kf2 Bd2 0-1

[Event "CAT-chT Honor Division 2019"]
[Site "Catalonia"]
[Date "2019.01.26"]
[Round "2"]
[White "Mestre Bellido, Hector"]
[Black "Valle Maytin, Luis Enrique"]
[Result "1/2-1/2"]
[WhiteElo "2285"]
[BlackElo "2285"]
[Annotator "NA"]
[PlyCount "26"]
[EventDate "2019.01.16"]
[EventType "team-tourn"]
[EventCountry "ESP"]
[SourceTitle "playchess.com"]
[Source "ChessBase"]
[SourceQuality "1"]
[WhiteTeam "Foment"]
[BlackTeam "Gerunda"]
[TimeControl "5400+30"]

1. Nf3 {[%emt 0:00:00]} d5 {[%emt 0:00:00]} 2. d4 {[%emt 0:00:00]} Nf6 {[%emt 0:00:00]} 3. g3 {[%emt 0:00:00]} b6 {[%emt 0:00:28]} 4. Bg2 {[%emt 0:00:07]} Bb7 {[%emt 0:00:07]} 5. c4 {[%emt 0:00:43]} e6 {[%emt 0:01:07]} 6. Nc3 {[%emt 0:00:03]} Nbd7 {[%emt 0:01:34]} 7. O-O {[%emt 0:04:36]} Be7 {[%emt 0:17:15]} 8. Bf4 {[%emt 0:03:41]} dxc4 {[%emt 0:01:41]} 9. Qa4 {[%emt 0:02:46]} O-O {[%emt 0:04:59]} 10. Rfd1 {[%emt 0:12:10]} Nd5 {[%emt 0:06:26]} 11. Ne5 {[%emt 0:00:46]} Nxe5 {[%emt 0:08:20]} 12. dxe5 {[%emt 0:14:36]} Nxc3 13. bxc3 Qc8 1/2-1/2

[Event "CAT-chT Honor Division 2019"]
[Site "Catalonia"]
[Date "2019.01.26"]
[Round "2"]
[White "Mayo Casademont, Marti"]
[Black "Torrecillas Martinez, Antonio"]
[Result "1/2-1/2"]
[WhiteElo "2284"]
[BlackElo "2322"]
[Annotator "NA"]
[PlyCount "65"]
[EventDate "2019.01.16"]
[EventType "team-tourn"]
[EventCountry "ESP"]
[SourceTitle "playchess.com"]
[Source "ChessBase"]
[SourceQuality "1"]
[WhiteTeam "Gerunda"]
[BlackTeam "Foment"]
[TimeControl "5400+30"]

1. c4 {[%emt 0:02:37]} Nf6 {[%emt 0:00:00]} 2. g3 {[%emt 0:00:24]} c6 {[%emt 0:00:26]} 3. Bg2 {[%emt 0:00:30]} d5 {[%emt 0:00:07]} 4. Nf3 {[%emt 0:00:30]} g6 {[%emt 0:00:28]} 5. b3 {[%emt 0:02:28]} Bg7 {[%emt 0:00:25]} 6. Bb2 {[%emt 0:00:53]} O-O {[%emt 0:00:11]} 7. O-O {[%emt 0:00:52]} b6 {[%emt 0:09:05]} 8. d3 {[%emt 0:04:30]} Bb7 {[%emt 0:02:10]} 9. Nbd2 {[%emt 0:02:23]} c5 {[%emt 0:09:27]} 10. cxd5 {[%emt 0:01:55]} Bxd5 {[%emt 0:06:06]} 11. Qc2 {[%emt 0:05:21]} Nc6 {[%emt 0:10:32]} 12. Rac1 {[%emt 0:02:23]} Rc8 {[%emt 0:04:17]} 13. Qb1 {[%emt 0:02:21]} Qd7 {[%emt 0:04:11]} 14. Qa1 {[%emt 0:06:47]} Rfd8 {[%emt 0:03:17]} 15. Rfd1 {[%emt 0:22:11]} Ne8 {[%emt 0:03:53]} 16. Bxg7 {[%emt 0:13:47]} Nxg7 {[%emt 0:00:31]} 17. Ne5 {[%emt 0:05:35]} Nxe5 {[%emt 0:01:57]} 18. Qxe5 {[%emt 0:00:08]} Bxg2 {[%emt 0:00:38]} 19. Kxg2 {[%emt 0:00:05]} Rc6 {[%emt 0:01:17]} 20. Nf3 {[%emt 0:01:49]} Re6 {[%emt 0:01:41]} 21. Qb2 {[%emt 0:00:59]} Nf5 {[%emt 0:00:52]} 22. Rc4 {[%emt 0:04:14]} Qb7 {[%emt 0:03:27]} 23. Kg1 {[%emt 0:00:35]} Nd6 {[%emt 0:02:02]} 24. Rcc1 {[%emt 0:04:40]} Nb5 {[%emt 0:02:08]} 25. a4 {[%emt 0:04:17]} Nd4 {[%emt 0:03:15]} 26. Nxd4 {[%emt 0:00:09]} Rxd4 {[%emt 0:00:05]} 27. Rc4 {[%emt 0:00:55]} Red6 {[%emt 0:00:35]} 28. Rdc1 {[%emt 0:02:10]} a5 {[%emt 0:07:55]} 29. Rxd4 {[%emt 0:00:52]} Rxd4 {[%emt 0:00:20]} 30. Rc4 {[%emt 0:00:09]} Qd7 {[%emt 0:05:53]} 31. Rxd4 {[%emt 0:01:09]} Qxd4 {[%emt 0:06:25]} 32. Qc2 {[%emt 0:02:01]} Qe5 {[%emt 0:02:04]} 33. e3 {[%emt 0:01:13]} 1/2-1/2